000 01512nam0a2200385 4500
001 RU\NLR\bibl\290897
005 20260406052026.0
010 _a5-7838-1128-9
_97000
021 _aRU
_b2002-14309
_9718
035 _a(NLR Aleph) 000286281
090 _a1675829
_c1675829
100 _a20020723d2002 |||y0rusy50 ca
101 0 _arus
102 _aRU
105 _aa |||||||||
200 1 _aДругая история науки
_eОт Аристотеля до Ньютона
_fСергей Валянский, Дмитрий Калюжный
210 _aМ.
_cВече
_d2002
215 _a573 с.
_cил.
_d22
225 1 _aВерсии мировой истории
309 _aНа тит. л.: Авт. проекта "Хронотроп" С. Валянский, Д. Калюжный, А. Жабинский
320 _aБиблиогр.: с. 559-568
606 0 _aНаука
_xИстория
_91659314
_3RU\NLR\auth\66735062
610 0 _aНаука - История
675 _a001(091)
_v3
_zrus
686 _a12
_2rugasnti
686 _a72.3
_2rubbk
686 _aЧ213(0)
700 1 _4070
_8rus
_7ca
_aВалянский
_bС. И.
_f1949-
_gСергей Иванович
_3RU\NLR\auth\777129
_9117068
701 1 _4070
_8rus
_7ca
_aКалюжный
_bД. В.
_f1952-
_gДмитрий Витальевич
_3RU\NLR\auth\777130
_9117069
801 0 _aRU
_bRKP
_c20020723
_gPSBO
801 1 _aRU
_bRKP
_c20020723
801 2 _aRU
_bNLR
_c20081202
_grcr
942 _cBOOK
980 _aNB